Les langues les plus parlées en Asie - Statistiques

Statistiques générales
  • Ce quiz a été pris 82 fois
  • Le résultat moyen est 7 sur 12
Statistiques - réponses
Nombre de locuteurs Langue % Correct
1.2 milliard Chinois mandarin
97%
120 millions Japonais
94%
230 millions Arabe
82%
550 millions Hindi
79%
300 millions Anglais
74%
260 millions Russe
70%
260 millions Indonésien
61%
230 millions Bengalais
43%
93 millions Philippin
39%
130 millions Farsi
12%
99 millions Marathi
6%
100 millions Punjabi
5%
Aucun quiz correspondant
Distribution des résultats
% des personnes avec chaque résultat
Percentile par nombre de réponses
Votre historique - résultats
Vous n’avez pas pris ce quiz